Cargando…

Erased : Vanishing Traces of Jewish Galicia in Present-Day Ukraine /

In Erased, Omer Bartov uncovers the rapidly disappearing vestiges of the Jews of western Ukraine, who were rounded up and murdered by the Nazis during World War II with help from the local populace. What begins as a deeply personal chronicle of the Holocaust in his mother's hometown of Buchach-...

Descripción completa

Detalles Bibliográficos
Autor principal: Bartov, Omer (Autor)
Formato: Electrónico eBook
Idioma:Inglés
Publicado: Oxford : Princeton University Press, [2007]
Colección:Book collections on Project MUSE.
Temas:
Acceso en línea:Texto completo

MARC

LEADER 00000cam a22000004a 4500
001 musev2_43756
003 MdBmJHUP
005 20230905044600.0
006 m o d
007 cr||||||||nn|n
008 150218t20072007nju o 00 0 eng d
010 |z  2007017231 
020 |a 9781400866892 
020 |z 9780691131214 
020 |z 9780691166551 
035 |a (OCoLC)966854638 
040 |a MdBmJHUP  |c MdBmJHUP 
100 1 |a Bartov, Omer,  |e author. 
245 1 0 |a Erased :   |b Vanishing Traces of Jewish Galicia in Present-Day Ukraine /   |c Omer Bartov. 
264 1 |a Oxford :  |b Princeton University Press,  |c [2007] 
264 3 |a Baltimore, Md. :  |b Project MUSE,   |c 2017 
264 4 |c ©[2007] 
300 |a 1 online resource (256 pages). 
336 |a text  |b txt  |2 rdacontent 
337 |a computer  |b c  |2 rdamedia 
338 |a online resource  |b cr  |2 rdacarrier 
505 0 |a The borderland -- Travels in the borderland -- Return. 
520 |a In Erased, Omer Bartov uncovers the rapidly disappearing vestiges of the Jews of western Ukraine, who were rounded up and murdered by the Nazis during World War II with help from the local populace. What begins as a deeply personal chronicle of the Holocaust in his mother's hometown of Buchach--in former Eastern Galicia--carries him on a journey across the region and back through history. This poignant travelogue reveals the complete erasure of the Jews and their removal from public memory, a blatant act of forgetting done in the service of a fiercely aggressive Ukrainian nationalism. Bartov, a leading Holocaust scholar, discovers that to make sense of the heartbreaking events of the war, he must first grapple with the complex interethnic relationships and conflicts that have existed there for centuries. 
588 |a Description based on print version record. 
650 7 |a Jews.  |2 fast  |0 (OCoLC)fst00983135 
650 7 |a Influence (Literary, artistic, etc.)  |2 fast  |0 (OCoLC)fst00972484 
650 7 |a Ethnic relations.  |2 fast  |0 (OCoLC)fst00916005 
650 7 |a HISTORY  |x Holocaust.  |2 bisacsh 
650 7 |a SOCIAL SCIENCE  |x Minority Studies.  |2 bisacsh 
650 7 |a SOCIAL SCIENCE  |x Discrimination & Race Relations.  |2 bisacsh 
650 6 |a Juifs  |z Ukraine  |z Galicie orientale  |x Histoire  |y 21e siecle. 
650 6 |a Juifs  |z Ukraine  |z Galicie orientale  |x Histoire  |y 20e siecle. 
650 0 |a Holocaust, Jewish (1939-1945)  |z Ukraine  |z Galicia, Eastern  |x Influence. 
650 0 |a Jews  |z Ukraine  |z Galicia, Eastern  |x History  |y 21st century. 
650 0 |a Jews  |z Ukraine  |z Galicia, Eastern  |x History  |y 20th century. 
651 7 |a Ukraine  |z Eastern Galicia.  |2 fast  |0 (OCoLC)fst01692704 
651 6 |a Galicie orientale (Ukraine)  |x Relations interethniques. 
651 0 |a Galicia, Eastern (Ukraine)  |x Ethnic relations. 
655 7 |a History.  |2 fast  |0 (OCoLC)fst01411628 
655 7 |a Electronic books.   |2 local 
710 2 |a Project Muse.  |e distributor 
830 0 |a Book collections on Project MUSE. 
856 4 0 |z Texto completo  |u https://projectmuse.uam.elogim.com/book/43756/ 
945 |a Project MUSE - Custom Collection 
945 |a Project MUSE - Archive Complete Supplement V 
945 |a Project MUSE - Archive History Supplement V 
945 |a Project MUSE - Archive Jewish Studies Supplement IV